The Ancient World to 300 A.D. /

محفوظ في:

المؤلف الرئيسي: Alexander, Paul Julius, 1910-

التنسيق: كتاب

اللغة: English

منشور في: New York : Macmillan, 1964.

سلاسل: Ideas and institutions in Western Civilization ; 1.

الموضوعات:

الوسوم: إضافة وسم

لا توجد وسوم, كن أول من يضع وسما على هذه التسجيلة!

رقم الطلب: D58 .A37 1964

LEADER 00621nam a2200205Ia 4500
003 OSt
005 20251120091340.0
008 240329r19641963nyu 000 0 eng d
040 |c ARCE Library 
050 4 |a D58 .A37 1964 
100 1 |a Alexander, Paul Julius,   |d 1910-  
245 1 4 |a The Ancient World to 300 A.D. /   |c Paul J. Alexander. 
264 1 |a New York :   |b Macmillan,   |c 1964. 
300 |a 312 pages ;   |c 24 cm. 
490 0 |a Ideas and institutions in Western Civilization ;   |v 1. 
500 |a Reprint of 1963 ed. 
650 0 |a Civilization, Ancient   |x History. 
901 |a reviewed 
942 |2 lcc  |c BK 
999 |c 57755  |d 57755